LIBRARY & INFORMATION CENTRE, KCAET, TAVANUR

ONLINE PUBLIC ACCESS CATALOGUE (OPAC)

Spices and conditions / (Record no. 3105)

MARC details
000 -LEADER
fixed length control field 00297cam a2200133ua 4500
041 ## - LANGUAGE CODE
Language code of text/sound track or separate title ben
082 ## - DEWEY DECIMAL CLASSIFICATION NUMBER
Classification number 330.8
Item number PRU/SP
100 ## - MAIN ENTRY--AUTHOR NAME
Personal name Pruthi, J.S. .
245 ## - TITLE STATEMENT
Title Spices and conditions /
300 ## - PHYSICAL DESCRIPTION
Number of Pages 269 ; .
942 ## - ADDED ENTRY ELEMENTS (KOHA)
Koha item type Books
Holdings
Withdrawn status Lost status Damaged status Home library Current library Date acquired Full call number Accession Number Koha item type
Withdrawn     KAUAET KAUAET 07/04/2012 330.8 14621 Books
free website counter